Quizzes
Events
Quiz Creation
Community
Videos
Private Events
Remove Ads
Sign In
Join for FREE
Feedback
Dark Mode
Quiz Categories
Sports
Geography
Music
Movies
Television
Just For Fun
Miscellaneous
History
Literature
Language
Science
Gaming
Entertainment
Religion
Holiday
For Kids
Quiz Lab
Recent
Popular Today
Quiz Kudos Today
Editor Picks
Curator Picks
Quizzes by...
Day
Popularity
Type
Ratings
Length
Year
Community
Subscriptions
Recent Discussions
Orange Saloon
Badges
Playlists
Quests
Create
Leaderboards
Showdown
Live 5
Trivia Bingo
Activity
Puzzle Library
Sporcle Events
Private Events
Virtual Trivia
Globe League
Become a Host
Pub Owners
SporcleCon
Opinionation
Our Games
Videos
Blog
Mobile Apps
Partnerships
Remove Ads and Go Orange
Feedback
Gaming
Video Games
Board Games
Card Games
Pokémon
Mario
Nintendo
Minecraft
Console
Toys
Legend of Zelda
Gaming
Video Games
Board Games
Card Games
Pokémon
Mario
Nintendo
Minecraft
Console
Toys
Legend of Zelda
Random Quiz
Search Sporcle
×
Quiz Lab
Quiz Lab
Gaming
team
Type in answers that appear in a list
Type in answers that appear in a list
Classic
Best Score? Go Orange.
TF2 Engineer Achievements Stats
Can you name the Engineer achievements in Team Fortress 2?
By
Psycko
15m
35 Questions
55 Plays
55 Plays
55 Plays
Comments
Comments
Give Quiz Kudos
Give Quiz Kudos
-
- Ratings
hide this ad
Replay
Link that replays current quiz
Next Quiz
Link to next quiz in quiz playlist
You Got
0%
They Got
Avg Score
40%
Avg Friend Score
Upgrade to see
Score Distribution
Jump to the score distribution portion of the page
Score
0/35
Timer
15:00
0
Plays Today
Description
Achievement
% Correct
Within 10 seconds, have your sentry kill the enemy that just killed you
Frontier Justice
69.1%
Have a dispenser heal 3 teammates at the same time
Doc Holiday
65.5%
Rack up 5000 kills with your sentry guns
Best Little Slaughterhouse in Texas
61.8%
Use a revenge crit to kill the enemy player that destroyed your sentry gun
Revengineering
56.4%
Haul a level 3 sentry gun into a position that achieves a kill shortly after being redeployed
If You Build It, They Will Die
49.1%
Upgrade 50 buildings built by other team members
Silent Pardner
49.1%
Teleport 100 teammates into battle
Battle Rustler
47.3%
Keep a heavy healed with your dispenser while he makes 5 kills
(Not So) Lonely Are The Brave
47.3%
Help a single building take over 2000 damage without being destroyed
Built to Last
45.5%
Smash an enemy player's head with your guitar
Honky Tonk Man
45.5%
Repair a sentry gun under fire while being healed by a medic
Doc, Stock and Barrel
41.8%
Have dispensers you created heal 100,000 health over your career
Drugstore Cowboy
41.8%
Help a team member construct a building
Land Grab
41.8%
Kill a disguised spy with your wrench
The Wrench Connection
41.8%
Have dispensers you built extinguish 20 burning teammates
The Extinguished Gentleman
40%
Kill 10 snipers with a sentry gun under the control of your Wrangler
Breaking Morant
38.2%
Pick up 10,000 pieces of waste metal from destroyed buildings
Death Metal
38.2%
Kill 3 cloaked spies with a sentry gun under control of your Wrangler
Search Engine
38.2%
Description
Achievement
% Correct
Provide an enemy player with a freezecam of your guitar-
playing skills
Six-String Stinger
38.2%
Haul buildings one kilometer over your career
Texas Ranger
38.2%
Kill 3 enemies with revenge crits without dying
Unforgiven
38.2%
Get 10 assists with another engineer where a sentry was involved in the kill
Deputized
36.4%
Kill a spy and two sappers within 10 seconds
Quick Draw
36.4%
Use your shotgun to finish off an enemy recently damaged by your sentry gun
Texas Two-Step
36.4%
Provide an enemy player with a freezecam of you and the sentry that killed them
Uncivil Engineer
36.4%
Repair 50,000 damage to friendly buildings constructed by other players
Circle the Wagons
32.7%
Use a sentry gun to kill 25 players trying to capture a point
No Man's Land
32.7%
Destroy 25 sappers on buildings built by other team members
Fistful of Sappers
30.9%
Destroy 50 enemy stickybombs lying within range of friendly buildings
How The Pests Was Gunned
30.9%
Destroy an enemy engineer's sentry gun with a sentry under control of your Wrangler
Patent Protection
30.9%
Perform 50 repairs or reloads on a sentry gun being Wrangled by another player
Rio Grind
30.9%
Kill 20 players carrying the intelligence
Trade Secrets
30.9%
Have a sentry shielded by the Wrangler absorb 500 damage without being destroyed
Building Block
29.1%
Kill 10 enemies outside the normal sentry gun range using your Wrangler
Powned on the Range
23.6%
Get to and remove a sapper placed on your building while you were several meters away
Git Along!
18.2%
Quiz Playlist
Details
Report
Send in Message
Add To Playlist
Classic:
Type in answers that appear in a list
Last Updated: Feb 16, 2017
Quiz Scoreboard
CHALLENGE
Sign Up to Join the Scoreboard
Show All
Scores
Hide
Comments
May contain spoilers
Recently Published
Popular People in 1961
by mucciniale
History
6m
1-10 Letter E Words III
by El_Dandy
Language
2m
One Thing in Common: World Cities II
by knightlancer
Geography
7m
More to Explore
Quiz From the Vault
Featured Blog Post
Where Did the Easter Bunny Come From?
hide this ad
You Might Also Like...
Tags
Achievement
description
fortress
team
Team Fortress
tf2
Today's Top Quizzes in Gaming
Browse Gaming
hide this ad
Today's Top Quizzes in team
Browse team
Top Contributed Quizzes in Gaming
1
Destiny 2 exotic weapons by perk icons
2
Who's on the WWE 2K24 Cover?
3
Windmill: Pokémon
4
Overwatch 2 Heroes by Selection Quote
5
Overwatch 2: Ultimate Ability Icons
6
Genshin Impact Logic Puzzle
7
Genshin murder mystery
8
Legendary or Exotic?
9
Overwatch Logic Puzzle
10
Franchise by Action Figure
Explore More
Trending Topics
Crossword
NBA
Anime
Kpop
Marvel
Disney
Harry Potter
Pokémon
NFL
Country
WWE
Puzzle
Song
The Office
Soccer
hide this ad
More By:
Psycko
Quiz
Plays
Rating
Category
Featured
Created
Fighting Game Terms
8,130
3.71
Gaming
Apr 7, 2012
40 Questions: Mass Effect
4,667
4.72
Gaming
Dec 24, 2013
40 Questions: Assassins Creed
2,257
5.00
Gaming
Dec 13, 2013
Red Dead Redemption Locations
1,481
5.00
Gaming
Jun 10, 2010
Guitar Hero WoR Songs
766
5.00
Gaming
Nov 25, 2010
Go to Creator's Profile
Score Distribution
Quiz Creator Spotlight
Psycko
Follow
Send a Message
Quizzes Created
-
Created Quiz Play Count
-
More By This Creator
Popular Quizzes Today
1
Find the US States - No Outlines Minefield
2
The Countries of the World
3
Find the Countries of Europe - No Outlines Minefield
4
Popular People in 1961
5
1-10 Letter E Words III
6
Find the US States
7
One Thing in Common: World Cities II
8
US States
More Gaming Quizzes
Fifa 21 Team of the Year (TOTY)
Quiz Lab
Trending Quizzes
Risky Map Clicking: Least Populous States A-Z
1-10 Letter F Words
1-10 Letter G Words
One Thing in Common: United Kingdom
Risky Map Clicking: Next State Alphabetically
Recently Updated
Leaping Animals
pecheneg
Reality TV Shows (A-Z)
bhenderson79
Rickey Henderson's Hall of Fame Teammates
pecheneg
Champions League XIs: Arsenal
pecheneg
Quick Pick: Celebrities in WWE's Hall of Fame
aduchscher
A-Z Keypad Blitz II
pecheneg
Multiple Oscar Actors
pecheneg
Mystery Phrase Blitz: Oscar 'Best Actors'
pecheneg
F. Scott Fitzgerald Novels
LTH
Pick 3 Villains
ddd62291
Trending Topics
Disney
Harry Potter
NBA
Kpop
Anime
Marvel
Crossword
NFL
Country
Puzzle
Pokémon
WWE
Song
Soccer
The Office
Your Account Isn't Verified!
In order to create a playlist on Sporcle, you need to verify the email address you used during registration. Go to your
Sporcle Settings
to finish the process.
Report this User
Report this user for behavior that violates our
Community Guidelines
.
Details:
Send Report
Go to the Sporcle.com Mobile Site →
Comments